Abeceda krížovkára

Bibliographic Details
Main Author: Belička, Ján (Author)
Other Authors: Jakubec, Pavel (Illustrator)
Format: Book
Language:Slovak
PhysicalDescription:255 s. Sch., tab., zn. a skr. 21 cm
Published: Bratislava Pictus, spol. s r.o. 1993
ISBN:8071280089
Edition:5. opr. a dopl. vyd.
Series:Encyklopédie na každý deň

MARC

LEADER 00000nam a2200000 a 4500
001 vtls001071879
003 SK-MaSNL
005 20260301000521.0
008 250414s1993 xo 0 slo
015 |a SNBA1993/07 
020 |a 8071280089 
035 |a SNK000014710 
040 |a SNK  |b slo  |c SNK  |e AACR2 
041 0 |a slo 
044 |a xo  |c SK 
080 |a 793.7(035)  |2 1981 
100 1 |a Belička, Ján  |4 aut  |9 277728 
245 1 0 |a Abeceda krížovkára  |c Ján Belička ; Ilustr. Pavel Jakubec 
250 |a 5. opr. a dopl. vyd. 
260 |a Bratislava  |b Pictus, spol. s r.o.  |c 1993  |e Nitra  |f Nitrianske tlačiarne 
300 |a 255 s.  |b Sch., tab., zn. a skr.  |c 21 cm 
366 |e 39 Sk 
490 0 |a Encyklopédie na každý deň 
500 |a Sadzba EFFEKT štúdio, Bratislava 
500 |a Ilustr. na tit. liste 
700 1 |a Jakubec, Pavel  |4 ill  |9 194954 
852 |a Slovenská národná knižnica 
919 |a 80-7128-008-9 
954 |a krížovky 
958 |a APR 
958 |a TL 
999 |c 532839  |d 534769 
952 |t P60, <04>, [BOOK], {604}  |a SNK  |b SNK  |y VYP  |7 0  |p 17A0111766  |o snkSB 85130 D1  |0 0  |1 0  |4 0  |d 1997-12-02  |l 0  |r 2004-12-31 00:00:00  |w 2026-02-23